00446nam a22001577a 4500010001500000020003000015035001400045037001300059082001000072100001900082245004800101260003800149270003600187300002600223500003900249 aENG-126161 a978-81-931167-3-8c700.00 aEN-109693 bDBAD/PUB a158.6 aAgarwal,Sharad aChoose The Right Career/cby Sharad Agarwal akolkata bVikas Publicationc2018 a31-A Jhow Tolla Road bKolkata  a192p.c22cm(pbk)bill ait includes index and bibliography